|
|
|
|
| LEADER |
00998nam a2200265 4500 |
| 001 |
c000068647 |
| 003 |
CARM |
| 005 |
00000000000000.0 |
| 008 |
730911s1972 ii a bs 00110 eng |
| 010 |
|
|
|a 72905736 /SA/r92
|
| 019 |
1 |
|
|a 495035
|z 58040276
|5 LACONCORD2021
|
| 035 |
|
|
|a (OCoLC)707161
|5 LACONCORD2021
|
| 043 |
|
|
|a a-ii---
|
| 050 |
0 |
0 |
|a Z675.U5
|b V47
|
| 082 |
0 |
0 |
|a 027.7/0954
|
| 100 |
1 |
|
|a Viswanathan, Caduveti Gurusubrahmanya.
|
| 245 |
1 |
0 |
|a University libraries of India;
|b principles and policy
|c [by] C. G. Viswanathan.
|
| 260 |
|
|
|a New Delhi,
|c 1972.
|
| 300 |
|
|
|a viii, 120 p.
|b illus.
|c 22 cm.
|
| 500 |
|
|
|a Cover title: University libraries of India, 1857-1970.
|
| 504 |
|
|
|a Bibliography: p. [102]-103.
|
| 650 |
|
0 |
|a Academic libraries
|z India.
|
| 852 |
8 |
|
|b CARM
|h A2:AE01C0
|i B00357
|p 0020838
|f BK
|
| 999 |
f |
f |
|i 0ccceba9-af2b-58dd-91d1-341c07de4e37
|s d5c1a71d-c8e9-56bb-9e17-919a5a20932e
|
| 952 |
f |
f |
|p Can circulate
|a CAVAL
|b CAVAL
|c CAVAL
|d CARM 1 Store
|e B00357
|f A2:AE01C0
|h Other scheme
|i book
|m 0020838
|